Tragedias / (Record no. 171390)

MARC details
000 -LEADER
campo de control de longitud fija 00629nam a22001935i 4500
001 - NÚMERO DE CONTROL
campo de control 171390
003 - IDENTIFICADOR DE NÚMERO DE CONTROL
campo de control ES-MaACL
005 - FECHA Y HORA DE LA ÚLTIMA TRANSACCIÓN
campo de control 20230906214624.0
008 - DATOS DE LONGITUD FIJA--INFORMACIÓN GENERAL
campo de control de longitud fija 090513s1930 sp |||| | spa d
080 ## - NÚMERO DE LA CLASIFICACIÓN DECIMAL UNIVERSAL
Número de la Clasificación Decimal Universal 821.14-21"-04"
100 0# - ENTRADA PRINCIPAL--NOMBRE DE PERSONA
Nombre de persona Sófocles.
9 (RLIN) 107023
245 10 - MENCIÓN DEL TÍTULO
Título Tragedias /
Mención de responsabilidad, etc. Sófocles ; texto, traducción y notas por Ignacio Errandonea.
250 ## - MENCION DE EDICION
Mención de edición [1ª ed.].
260 ## - PUBLICACIÓN, DISTRIBUCIÓN, ETC.
Lugar de publicación, distribución, etc. Madrid :
Nombre del editor, distribuidor, etc. Voluntad,
Fecha de publicación, distribución, etc. 1930.
300 ## - DESCRIPCIÓN FÍSICA
Extensión 2 v. ;
Dimensiones 20 cm.
505 8# - NOTA DE CONTENIDO CON FORMATO
Nota de contenido con formato Contiene: I. Edipo Rey ; Edipo en Colono -- II. Antígona ; Traquinias ; Electra
700 1# - ENTRADA AGREGADA--NOMBRE PERSONAL
Nombre de persona Errandonea, Ignacio.
9 (RLIN) 47427
852 ## - LOCALIZACIÓN
Ubicación ES-MaACL
Número de control de estantería E-2034-35
itemnumber R.22980
Holdings
Estatus retirado Estado de pérdida Estado de daño No para préstamo Biblioteca de origen Biblioteca actual Ubicación en estantería Fecha de adquisición Fuente de adquisición Total de préstamos Signatura topográfica completa Código de barras Visto por última vez Precio de reemplazo Tipo de ítem Koha
        Biblioteca del Ateneo de Madrid Biblioteca del Ateneo de Madrid Depósito 2 13/05/2009     E-2034-35 1179865 23/02/2023 23/02/2023 Libro impreso